00554nam a2200181 a 4500001001000000005001700010020001500027041000800042044000600050050002200056100001900078245008600097260005600183300003200239610005800271650002400329700001900353BRCA_349020190320204316.0 a087587195X aeng au 4aNK5103b.F69 20061 aFox, Howard N.10aGlassbMaterial MatterscExhibition Organized by Howard N. Fox and Sarah Nichols. aLos AngelesbLos Angeles County Museum of Artc2006 a175 p.bil. a colorc23 cm.24aLos Angeles County Museum of ArtxColecciones de arte14aVidriovCatálogos1 aNichols, Sarah